University research on European integration = Recherches Universitaires sur l'intégration européenne.
Αποθηκεύτηκε σε:
| Συλλογικό Έργο: | , |
|---|---|
| Μορφή: | Βιβλίο |
| Γλώσσα: | English |
| Δημοσίευση: |
[Belgium] :
Office for Official Publications of the European Communities,
1987.
|
| Θέματα: | |
| Ετικέτες: |
Προσθήκη ετικέτας
Δεν υπάρχουν, Καταχωρήστε ετικέτα πρώτοι!
|
MARC
| LEADER | 00000cam a2200000 i 4500 | ||
|---|---|---|---|
| 001 | 1/72336 | ||
| 008 | 990316s1987 be | ||| |||| ||eng|| | ||
| 020 | |a 928256925X | ||
| 035 | |l 10048540 | ||
| 040 | |a GR-MyUa |b gre |e AACR2 | ||
| 041 | 0 | |a eng | |
| 082 | 7 | |a 321.04 |2 (22) | |
| 245 | 0 | 0 | |a University research on European integration = |b Recherches Universitaires sur l'intégration européenne. |
| 260 | |a [Belgium] : |b Office for Official Publications of the European Communities, |c 1987. | ||
| 300 | |a 717 σ. ; |c 27 εκ. | ||
| 500 | |a Survey carried out by the Catholic University of Louvain at the request of the Commission of the European Communities. | ||
| 650 | 0 | |a European communities |x Research. | |
| 650 | 0 | |a European federation |x Research. | |
| 650 | 0 | |a European Federation |x Bibliography. | |
| 650 | 0 | |a European communities |x Bibliography. | |
| 710 | 2 | |a Commission of the European Communities. | |
| 710 | 2 | |a Université catholique de Louvain (1970-). |b Centre d'études européennes. | |
| 852 | |a INST |b LESVOS |e 19990316 |h 321.04 UNI |p 005100024007 |q 005100024007 |t REF |y 23 | ||
| 901 | |a BIBL1-2000-2 | ||
| 922 | |a 1ΕΛΗ |b 199812 |c ΚΠΣ/ΤΓ |d Παπασωτηρίου | ||
| 950 | |a 118-1998-07-21 | ||
| 970 | |z 2000/05/ΜΙΧΑΗΛΙΔΟΥ ΑΝΝΑ | ||